000
00301nam a22001337a 4500
008
170306b xxu||||| |||| 00| 0 eng d
020
_a
9780781788717
041
_a
eng
080
_2
3 ED
_a
611
100
_a
6
101
_a
SHM
245
_a
PHYSIOLOGY CASES PROBLEMS
_c
COSTANZO.L.S
942
_2
udc
_c
BK
999
_c
6929
_d
6929